00544nam a22001817a 450000500170000001000150001702000230003202000260005503500140008103700130009508200080010810000210011624500660013726000460020327000520024930000210030150000400032220170907105951.0 aENG-119541 a8184083246c250.00 a9788184083248c250.00 aEN-103073 bDBAD/PUB a250 aCraig ,Thomas D. aA cup of Buddha :cby Thomas D. Craigba blueprint to truth / aNew DelhibIndiana Publishing Housec2012 a2/13,Ansari Road,DaryasganjbNew Delhi e110002 a248p.c23cm(pbk) aIncludes bibliographical reference